000 01159nam a22003017a 4500
005 20240530110350.0
008 141217s2003 ua do f 000 0 ara d
017 _a7855/2003
_bمصر . دار الكتب المصرية
020 _a9771028736
040 _aEG-CaGPL
041 0 _aara
082 0 4 _221
_a215.962
_bق/ف أ
100 0 _aفتحى احمد شلبى
245 1 2 _aالازهر و الخلافة الاسلامية فى العصر الحديث :
_bدراسة تاريخية و ثائقية /
_cفتحى احمد شلبى
250 _aط1
260 _aالقاهرة :
_b[ د. ن ]
_c2003
300 _a487 ص :
_bايض ؛
_c24 سم
650 0 4 _aالازهر
650 0 4 _aالخلافة الاسلامية
650 0 4 _aالاسلام
_xنظام الحكم فى
650 0 4 _aالاسلام و السياسة
650 0 4 _aالازهر
650 0 4 _aالاسلام
_xنظام الحكم فى
_zتركيا
651 0 4 _aتركيا
_xتاريخ
_xالخلافة الاسلامية
653 0 4 _aالخلافة الاسلامية فى العصر الحديث
942 _2ddc
_cBK
999 _c60046
_d60046